Countries With The Most Copper Production - Statistics

General Stats
  • This quiz has been taken 104 times
  • The average score is 11 of 15
Answer Stats
Copper Produced (Thousand Tons) Country % Correct
1,260 United States
98%
1,656 China
95%
705 Russia
95%
5,503 Chile
93%
605 Canada
92%
859 Australia
88%
742 Mexico
87%
419 Brazil
85%
3,462 Peru
85%
622 Indonesia
69%
1,094 Democratic Republic of the Congo
63%
540 Kazakhstan
59%
384 Mongolia
38%
797 Zambia
35%
620 Poland
26%
No matching quizzes found
Score Distribution
Percent of People with Each Score
Percentile by Number Answered
Your Score History
You have not taken this quiz